=LDR 00000nam 2200000 4500 =001 INLIS000000000034207 =005 20130612140124 =008 ***********************************ind** =035 ##$$0010-061300000034207 =041 ##$$a ind =082 ##$$a 380.07 =090 ##$$a 380.07, Sri e =100 ##$$a Sri Nur Mulyani =245 ##$$a Ekonomi, Untuk sekolah menengah atas/Madrasah aliyah kelas x, Sri nur mulyani,Agus mahfudz,Leni permana;Editor,R.Nugroho P, Sri hapsari =260 ##$$a 2009 $b Jakarta =300 ##$$a vi,230 hlm, Ilus, 25 cm =650 ##$$a Ekonomi - Studi Dan Pengajaran =700 ##$$a Mahfudz, Agus =850 ##$$a NBPNMAT